Normal view
MARC view
- الشعر العربي - عصر صدر الإسلام
Entry Topical Term
001 - CONTROL NUMBER
- control field: 7515
003 - CONTROL NUMBER IDENTIFIER
- control field: JO-AjAnu
005 - DATE AND TIME OF LATEST TRANSACTION
- control field: 20230606071520.0
008 - FIXED-LENGTH DATA ELEMENTS
- fixed length control field: 230606|| aca||aabn | a|a d
040 ## - CATALOGING SOURCE
- Original cataloging agency: JO-AjAnu
- Transcribing agency: JO-AjAnu
150 ## - HEADING--TOPICAL TERM
- Topical term or geographic name entry element: الشعر العربي - عصر صدر الإسلام
670 ## - SOURCE DATA FOUND
- Source citation: Work cat.: (JO-AjAnu)3886: شرح عبده، محمد؛ مراجعة صبحي صندوق, author 7514, رسائل أمير المؤمنين علي بن أبي طالب عليه السلام: ما اختاره الشريف الرضي من كلام أمير المؤمنين علي بن أبي طالب